Premier League Stadiums By Picture - Statistics

General Stats
  • This quiz has been taken 27 times
  • The average score is 12 of 20
Answer Stats
Picture Answer % Correct
Anfield
92%
Stamford Bridge
92%
Old Trafford
83%
The Emirates
79%
Villa Park
79%
Etihad Stadium
71%
Kenilworth Road
71%
London Stadium
71%
St James Park
71%
Tottenham Hotspur Stadium
67%
Selhurst Park
54%
Goodison Park
50%
Turf Moor
50%
Vitality Stadium
50%
Craven Cottage
46%
The Amex
46%
Brentford Community Stadium
42%
Bramall Lane
38%
City Ground
38%
Molineux Stadium
38%
No matching quizzes found
Score Distribution
Percent of People with Each Score
Percentile by Number Answered
Your Score History
You have not taken this quiz